[Event "Vasylyshyn Mem"]
[Site "Lviv UKR"]
[Date "2008.10.27"]
[Round "9"]
[White "Muzychuk,M"]
[Black "Vovk,Y"]
[Result "0-1"]
[WhiteElo "2436"]
[BlackElo "2549"]

1.e4 c5 2.Nf3 Nc6 3.Nc3 e6 4.d4 cxd4 5.Nxd4 Qc7 6.Be3 a6 7.Qd2 Nf6 8.O-O-O Bb4
9.f3 Ne5 10.Nb3 b5 11.Qe1 Be7 12.f4 Ng6 13.e5 Ng4 14.Ne4 O-O 15.Bc5 Bb7 16.Nd6 Bd5
17.Rxd5 exd5 18.g3 f6 19.Qd1 fxe5 20.Qxd5+ Kh8 21.f5 Bxd6 22.Bxd6 Ne3 23.Bxc7 Nxd5
24.Bd6 Rf6 25.Bc5 Nge7 26.g4 Rc8 27.Bd3 Rfc6 28.Bxe7 Nxe7 29.Re1 Rh6 30.Rxe5 Nc6
31.Re2 Nb4 32.Kd2 Rd6 33.Nc5 Nxc2 34.a3 Kg8 35.Ne4 Rdc6 36.Rf2 Nd4 37.Ke3 Nb3
38.Bb1 Nc5 39.Ba2+ Kf8 40.Ng5 h6 41.Nh3 Re8+ 42.Kf3 Ne4 43.Re2 Nc3 44.Rxe8+ Kxe8
45.Bg8 Nd1 46.g5 hxg5 47.Nxg5 Nxb2 48.Ne4 Nc4 49.a4 Rh6 50.axb5 axb5 51.Kg3 Nd6  0-1

[Event "Vasylyshyn Mem"]
[Site "Lviv UKR"]
[Date "2008.10.27"]
[Round "9"]
[White "Nyzhnyk,I"]
[Black "Zakhartsov,Vi"]
[Result "1/2-1/2"]
[WhiteElo "2444"]
[BlackElo "2537"]

1.e4 c5 2.Nf3 Nc6 3.d4 cxd4 4.Nxd4 e6 5.Nc3 Qc7 6.g3 a6 7.Bg2 Nf6 8.O-O d6
9.Re1 Rb8 10.b3 Be7 11.Bb2 O-O 12.Nce2 Nxd4 13.Nxd4 Bd7 14.Qd2 b5 15.Rac1 Qb6
16.Kh1 Rfd8 17.f4 Be8 18.Qe2 Rbc8 19.Rcd1 Qc5 20.Rd2 Bf8 21.Red1 Qc7 22.h3 Qb6
23.Kh2 Qb8 24.Qf2 Qb6 25.Qe2 Qb8 26.Qf2 Qb6 27.Qe2  1/2-1/2

[Event "Vasylyshyn Mem"]
[Site "Lviv UKR"]
[Date "2008.10.27"]
[Round "10"]
[White "Zherebukh,Y"]
[Black "Papin,V"]
[Result "1-0"]
[WhiteElo "2473"]
[BlackElo "2455"]

1.e4 c5 2.Nf3 e6 3.d4 cxd4 4.Nxd4 Nc6 5.Nc3 Qc7 6.g3 a6 7.Bg2 d6 8.O-O Nf6
9.a4 Be7 10.Nb3 Nd7 11.f4 O-O 12.g4 b6 13.g5 Re8 14.f5 Bb7 15.Rf3 g6 16.Rh3 Nc5
17.f6 Nxb3 18.cxb3 Bf8 19.Bf4 b5 20.Qe1 b4 21.Ne2 e5 22.Be3 Rac8 23.Qh4 h6
24.Rf1 Nd8 25.Ng3 Ne6 26.Nf5 gxf5 27.exf5 Nf4 28.Bxf4 exf4 29.Bxb7 Qb6+ 30.Qf2 Qxb7
31.Qxf4 Qe4 32.Qg3 Qd4+ 33.Kh1 Qe4+ 34.Kg1 h5 35.g6 Qd4+ 36.Kh1 Qe4+ 37.Kg1 Qd4+
38.Kh1 Qxf6 39.Rxh5 Bg7 40.Rg5 Qe5 41.f6 Qe4+ 42.Kg1 Bh6 43.Qh3 Qd4+ 44.Kh1 Qe4+
45.Rg2 Qe3 46.gxf7+ Kxf7 47.Qd7+ Kf8 48.Qxd6+ Kf7 49.Qd7+ Kf8 50.f7  1-0

[Event "8th Rohde Open"]
[Site "Sautron FRA"]
[Date "2008.10.27"]
[Round "3"]
[White "Carlsson,P"]
[Black "Das,Arg"]
[Result "1/2-1/2"]
[WhiteElo "2515"]
[BlackElo "2404"]

1.e4 c5 2.Nf3 e6 3.d4 cxd4 4.Nxd4 Nc6 5.Nc3 Qc7 6.Be3 a6 7.Qd2 Nf6 8.O-O-O Bb4
9.f3 O-O 10.g4 b5 11.Kb1 Bb7 12.g5 Ne8 13.a3 Be7 14.Nxc6 Bxc6 15.Ne2 d5 16.Nd4 dxe4
17.Nxc6 Qxc6 18.Qd7 Rc8 19.Qxc6 Rxc6 20.fxe4 Nd6 21.e5 Nc4 22.Bxc4 Rxc4 23.h4 Re4
24.Bd4 Rc8 25.c3  1/2-1/2

[Event "I Gedeon Barcza Mem"]
[Site "Budapest HUN"]
[Date "2008.10.28"]
[Round "2"]
[White "Papp,Ga"]
[Black "Szabo,Krisz1"]
[Result "1-0"]
[WhiteElo "2509"]
[BlackElo "2520"]

1.e4 c5 2.Nf3 e6 3.d4 cxd4 4.Nxd4 Nc6 5.Nc3 Qc7 6.f4 a6 7.Nxc6 Qxc6 8.Bd3 b5
9.Qe2 Bb7 10.Bd2 Bc5 11.O-O-O Ne7 12.Qh5 O-O 13.g4 b4 14.Ne2 a5 15.Kb1 a4
16.e5 g6 17.Qh6 Ba6 18.f5 exf5 19.Bg5 f6 20.exf6 Rxf6 21.Bxa6 Qxa6 22.Bxf6 Qxf6
23.Qh3 fxg4 24.Qxg4 a3 25.Qc4+ d5 26.Qb3 Rf8 27.Nc1 axb2 28.Nd3 Bd6 29.Nxb4 Kh8
30.Nxd5 Nxd5 31.Qxd5 Be5 32.Qc4 Qe7 33.Rhe1 Qg7 34.h3 h5 35.Qe6 Bg3 36.Rf1 Bf2
37.Rd7 Qh6 38.Qe5+ Kg8 39.Qd5+ Kh8 40.Rd8 Bc5 41.h4 Ba3 42.Rdxf8+ Bxf8 43.Qf7 Bg7
44.Rg1 Qe3 45.Qxg6  1-0

[Event "Open A"]
[Site "Le Touquet FRA"]
[Date "2008.10.28"]
[Round "4"]
[White "Vandemeulebrouck,R"]
[Black "Maes,W"]
[Result "0-1"]
[WhiteElo "2061"]
[BlackElo "2294"]

1.e4 c5 2.Nf3 e6 3.d4 cxd4 4.Nxd4 Nc6 5.Nc3 Qc7 6.Be3 a6 7.Bd3 Nf6 8.O-O Ne5
9.h3 Bc5 10.f4 d6 11.Qe2 Ng6 12.Rae1 O-O 13.Qf3 b5 14.Qg3 Qb6 15.Nb3 Nh5
16.Bxc5 Qxc5+ 17.Nxc5 Nxg3 18.Rf3 dxc5 19.Rxg3 Nxf4 20.e5 c4 21.Be4 Ra7 22.Rg4 Ng6
23.Bxg6 hxg6 24.Rd4 Rc7 25.Ne4 Bb7 26.Ng5 Bd5 27.Rf4 f6 28.exf6 gxf6 29.Nxe6 Re7
30.Nxf8 Rxe1+ 31.Kf2 Rc1 32.Nd7 Rxc2+ 33.Ke3 Bxg2 34.Rxf6 Kg7 35.Rxa6 Bxh3
36.Ne5 Bf5 37.a4 Rxb2 38.axb5 c3 39.Rc6 c2 40.Nf3 Rb1 41.Kd2 Rd1+  0-1

[Event "WYCC Boys U16"]
[Site "Vung Tau City VIE"]
[Date "2008.10.28"]
[Round "9"]
[White "Gritsenko,An"]
[Black "Durarbeyli,V"]
[Result "1/2-1/2"]
[WhiteElo "2380"]
[BlackElo "2434"]

1.e4 c5 2.Nf3 e6 3.d4 cxd4 4.Nxd4 Nc6 5.Nc3 d6 6.Be3 Nf6 7.Bc4 Be7 8.Qe2 O-O
9.O-O-O a6 10.Bb3 Qc7 11.f3 b5 12.g4 Bb7 13.g5 Nd7 14.g6 hxg6 15.Nxe6 fxe6
16.Bxe6+ Rf7 17.Nd5 Qd8 18.Qg2 Nf8 19.Bxf7+ Kxf7 20.h4 Bxh4 21.f4 Bf6 22.Bb6 Qc8
23.Nxf6 gxf6 24.Rxd6 Nb4 25.c3 Nxa2+ 26.Kb1 Qc4 27.Bd4 Ke7 28.Rb6 Rb8 29.Rxb7+ Rxb7
30.e5 Rd7 31.exf6+ Kf7 32.f5 Nxc3+ 33.Bxc3 Qd3+ 34.Qc2 Qxc2+ 35.Kxc2 gxf5
36.Rf1 Ne6 37.Rxf5 b4 38.Ra5 bxc3 39.Rxa6 cxb2 40.Kxb2 Kxf6 41.Kc3 Ke5 42.Rc6 Kd5
43.Rc8 Rh7 44.Kb3 Nc5+ 45.Kc3 Rh3+ 46.Kd2 Nb3+ 47.Kc2 Nc5 48.Kd2 Kd4 49.Rd8+ Kc4
50.Rc8 Rh2+ 51.Ke3 Kd5 52.Rd8+ Ke5 53.Re8+ Ne6 54.Kd3 Kd5 55.Kc3 Rh3+ 56.Kd2 Nf4
57.Rd8+ Ke4 58.Kc2 Rh2+ 59.Rd2 Rh1 60.Rd8 Nd5  1/2-1/2

[Event "WYCC Boys U18"]
[Site "Vung Tau City VIE"]
[Date "2008.10.28"]
[Round "9"]
[White "Chirila,I"]
[Black "Ashwin,J"]
[Result "1-0"]
[WhiteElo "2462"]
[BlackElo "2437"]

1.e4 c5 2.Nf3 e6 3.d4 cxd4 4.Nxd4 Nc6 5.Nc3 Qc7 6.Be3 a6 7.Bd3 Nf6 8.O-O Bd6
9.h3 Bf4 10.Bxf4 Qxf4 11.Nce2 Qc7 12.Qd2 O-O 13.Rad1 d6 14.c4 Nxd4 15.Nxd4 e5
16.Nc2 Be6 17.Ne3 Qc6 18.Qe2 b5 19.a3 bxc4 20.Nxc4 Rac8 21.Na5 Qa4 22.b4 Rc3
23.Bxa6 Rxa3 24.Rb1 Rb8 25.Bb7 Bd7 26.Qd2 Qb5 27.Qxd6 Rxb7 28.Nxb7 Qxb7 29.b5 h5
30.Qxa3 Qxe4 31.Rfe1 Qd5 32.Red1 Qe4 33.Qe3  1-0

[Event "WYCC Boys U14"]
[Site "Vung Tau City VIE"]
[Date "2008.10.28"]
[Round "9"]
[White "Chen Peng"]
[Black "Bukavshin,I"]
[Result "1/2-1/2"]
[WhiteElo "2046"]
[BlackElo "2376"]

1.e4 c5 2.Nf3 Nc6 3.d4 cxd4 4.Nxd4 e6 5.Nc3 Qc7 6.Be3 a6 7.Bd3 Nf6 8.O-O Nxd4
9.Bxd4 Bc5 10.Bxc5 Qxc5 11.Kh1 d6 12.f4 e5 13.fxe5 dxe5 14.Qf3 Be6 15.a4 O-O-O
16.a5 h5 17.Na4 Qxa5 18.b4 Qxb4 19.Rfb1 Qd4 20.Nb6+ Kc7 21.Ra4 Qc5 22.Bc4 Rd4
23.Bxe6 fxe6 24.Qb3 Kb8 25.Rxd4 Qxd4 26.Nd5 b5 27.Nxf6 gxf6 28.Qxe6 Rd8 29.h3 Qd6
30.Qf7 Rc8 31.Rf1 Rc6 32.Qxh5 Rxc2 33.Qg6 Rc6 34.h4 Qd3 35.Rxf6 Qd8  1/2-1/2

[Event "Grand Prix CCAS"]
[Site "Cap D'Agde FRA"]
[Date "2008.10.29"]
[Round "6"]
[White "Calistri,T"]
[Black "Gordon,S"]
[Result "0-1"]
[WhiteElo "2361"]
[BlackElo "2521"]

1.e4 c5 2.Nf3 e6 3.d4 cxd4 4.Nxd4 Nc6 5.Nc3 Qc7 6.Be3 a6 7.Qd2 Nf6 8.O-O-O Bb4
9.f3 O-O 10.a3 Be7 11.g4 b5 12.g5 Ne8 13.h4 b4 14.axb4 Bxb4 15.h5 Ne5 16.f4 Nc4
17.Bxc4 Qxc4 18.Qd3 Nd6 19.e5 Qxd3 20.cxd3 Nb5 21.Na4 Bb7 22.Rh2 d6 23.Nc2 Ba5
24.Bb6 Bxb6 25.Nxb6 Rad8 26.d4 f6 27.exf6 gxf6 28.Re1 fxg5 29.fxg5 Rf5 30.g6 e5
31.d5 Rdf8 32.Ne3 Rg5 33.gxh7+ Kxh7 34.Kb1 Kh6 35.Reh1 Rf4 36.Nec4 Bxd5 37.Nxd5 Rxc4
38.Rf1 Rxh5 39.Rg2 Rg5 40.Rf6+ Kh5 41.Rh2+ Rh4 42.Rxh4+ Kxh4 43.Nc3 Kg4 44.Nxb5 axb5
45.Rxd6 e4 46.Kc2 Kf3 47.Kd2 e3+ 48.Kd3 Rf5 49.Rd8 e2 50.Rc8 Rd5+ 51.Kc2 Rd1  0-1

[Event "TCh-CHN Torch Real Estate Cup"]
[Site "Jiangsu Wuxi CHN"]
[Date "2008.10.29"]
[Round "11"]
[White "Malakhov,V"]
[Black "Liang Jinrong"]
[Result "1-0"]
[WhiteElo "2689"]
[BlackElo "2476"]

1.e4 c5 2.Nf3 e6 3.d4 cxd4 4.Nxd4 Nc6 5.Nc3 a6 6.g3 d6 7.Bg2 Bd7 8.O-O Be7
9.Nxc6 Bxc6 10.Qg4 h5 11.Qe2 h4 12.a4 hxg3 13.hxg3 Nf6 14.Rd1 Qa5 15.Bf4 Rd8
16.Rd3 Qh5 17.Qxh5 Nxh5 18.Be3 Nf6 19.Bd4 O-O 20.a5 Rc8 21.f4 Rfe8 22.Rd2 e5
23.Bf2 exf4 24.gxf4 Nh5 25.f5 Bf6 26.Bd4 Be5 27.Bxe5 dxe5 28.Nd5 Nf4 29.Ra3 Bxd5
30.exd5 e4 31.Re3 Nxg2 32.Kxg2 Re5 33.b4 Rc4 34.d6 Re8 35.c3 Rd8 36.Kg3 Rc6
37.Rxe4 Rdxd6 38.Re8+ Kh7 39.Rxd6 Rxd6 40.Kf4 Rc6 41.Rb8 Rxc3 42.Rxb7 f6
43.Ke4 Kh6 44.Kd4 Rf3 45.Ra7 Rf4+ 46.Kc3 Rf3+ 47.Kc4 Rf4+ 48.Kb3 Rf3+ 49.Ka4 Rxf5
50.Rxa6 g5 51.Rd6 g4 52.a6 Rf1 53.Rd3 Ra1+ 54.Ra3 Re1 55.a7 Re8 56.b5  1-0

[Event "TCh-CHN Torch Real Estate Cup"]
[Site "Jiangsu Wuxi CHN"]
[Date "2008.10.29"]
[Round "11"]
[White "Ruan Lufei"]
[Black "Guo Jun"]
[Result "1-0"]
[WhiteElo "2495"]
[BlackElo "2269"]

1.e4 c5 2.Nf3 e6 3.d4 cxd4 4.Nxd4 Nc6 5.Nc3 Nf6 6.Nxc6 bxc6 7.e5 Nd5 8.Ne4 Bb7
9.Be2 c5 10.O-O f5 11.Bg5 Qb8 12.Bh5+ g6 13.Nf6+ Nxf6 14.Bxf6 Rg8 15.Bf3 Bg7
16.Bxb7 Qxb7 17.Qd6 Bf8 18.Qd3 Bg7 19.Bxg7 Rxg7 20.b3 Rc8 21.c4 Qc7 22.Rfe1 a5
23.Rad1 Ra8 24.Qe3 Ra6 25.h4 Rc6 26.Qh6 Kf7 27.Rd3 Kg8 28.Red1 Qxe5 29.Rxd7 Rc7
30.Rd8+ Kf7 31.Qd2 g5 32.h5 h6 33.Qd7+  1-0

[Event "Vasylyshyn Mem"]
[Site "Lviv UKR"]
[Date "2008.10.29"]
[Round "12"]
[White "Kravtsiv,M"]
[Black "Geller,J"]
[Result "1/2-1/2"]
[WhiteElo "2549"]
[BlackElo "2511"]

1.e4 c5 2.Nf3 e6 3.d4 cxd4 4.Nxd4 Nc6 5.Nc3 Qc7 6.Be3 a6 7.Bd3 Nf6 8.O-O Nxd4
9.Bxd4 Bc5 10.Bxc5 Qxc5 11.Na4 Qc7 12.c4 d6 13.Rc1 O-O 14.c5 Bd7 15.cxd6 Qxd6
16.Nc5 Bc6 17.Qe2 Nd7 18.Nxd7 Qxd7 19.Rfd1 Qe7 20.e5 Rac8 21.Be4 Bxe4 22.Qxe4 h6
23.Rxc8 Rxc8 24.g3 Qc7 25.a3 g6 26.h4 Qc2 27.Rd8+ Kg7 28.Qf3 Qf5 29.Qxf5 Rc1+
30.Kg2 gxf5 31.Rd7 Rc5 32.Rxb7  1/2-1/2

[Event "WYCC Boys U18"]
[Site "Vung Tau City VIE"]
[Date "2008.10.29"]
[Round "10"]
[White "Ochoa,C"]
[Black "Mustafaev,J"]
[Result "1/2-1/2"]
[WhiteElo "2272"]
[BlackElo "2393"]

1.e4 c5 2.Nf3 e6 3.d4 cxd4 4.Nxd4 Nc6 5.Nc3 Qc7 6.f4 a6 7.Be3 b5 8.Nb3 d6
9.a3 Nf6 10.Bd3 Be7 11.Qf3 Rb8 12.O-O b4 13.axb4 Nxb4 14.Nd4 O-O 15.Qg3 g6
16.f5 Nh5 17.Qh3 e5 18.Nde2 Nf6 19.Bh6 Re8 20.Qf3 Kh8 21.Ng3 Bb7 22.Kh1 Ng8
23.Be3 Bf6 24.Nd5 Bxd5 25.exd5 Nxd3 26.cxd3 Qb7 27.Ne4 Be7 28.f6 Bf8 29.Ra5 Red8
30.h4 Nh6 31.h5 Qc8 32.hxg6 fxg6 33.Ng5 Qf5 34.Ne6 Ng4 35.Bg5 Re8 36.Qxf5 gxf5
37.Rxf5 Rxb2 38.Ra1 Reb8 39.Raf1 h6 40.Bc1 Rb1 41.d4 Rc8 42.Bd2 Rxf1+ 43.Rxf1 Kh7
44.dxe5 Nxe5 45.Bf4 Nd7 46.f7 Kg6 47.Ra1 Kxf7 48.Rxa6 Be7 49.Bxd6 Bxd6 50.Rxd6 Nf6
51.Kh2 Rc3 52.g3 Ne4 53.Rd7+ Kf6 54.Rh7  1/2-1/2

[Event "WYCC Boys U16"]
[Site "Vung Tau City VIE"]
[Date "2008.10.29"]
[Round "10"]
[White "Ivanov L.,S"]
[Black "Kiuttu,R"]
[Result "1/2-1/2"]
[WhiteElo "2134"]
[BlackElo "2083"]

1.e4 c5 2.Nf3 e6 3.d4 cxd4 4.Nxd4 Nc6 5.Nc3 Qc7 6.Be3 a6 7.Bd3 Nf6 8.O-O Nxd4
9.Bxd4 Bc5 10.Bxc5 Qxc5 11.Qe2 d6 12.Kh1 e5 13.Bc4 Be6 14.Bb3 O-O 15.Rfd1 Rac8
16.Rac1 Rfd8 17.Nd5 Nxd5 18.Bxd5 Bxd5 19.Rxd5 Qc4 20.Qxc4 Rxc4 21.f3 Kf8
22.c3 Ke7 23.Rcd1 g6 24.Kg1 f5 25.exf5 gxf5 26.Kf2 Ke6 27.R1d3 b6 28.Rd1 Rc5  1/2-1/2

[Event "WYCC Boys U18"]
[Site "Vung Tau City VIE"]
[Date "2008.10.29"]
[Round "10"]
[White "Bonafede,A"]
[Black "Rosberg,S"]
[Result "0-1"]
[WhiteElo "2327"]
[BlackElo "2222"]

1.e4 c5 2.Nf3 Nc6 3.d4 cxd4 4.Nxd4 e6 5.Nc3 Qc7 6.Be3 a6 7.Bd3 Nf6 8.O-O Nxd4
9.Bxd4 Bc5 10.Bxc5 Qxc5 11.Kh1 d6 12.f4 e5 13.a4 Be6 14.Qf3 exf4 15.Qxf4 Qe5
16.Qh4 h6 17.Nd5 Nxd5 18.exd5 Qxd5 19.Rad1 Qg5 20.Qe4 O-O-O 21.Bxa6 d5 22.Qd3 bxa6
23.Qxa6+ Kc7 24.Qa7+ Kd6 25.c4 Rd7 26.Qb6+ Ke7 27.Rde1 Re8 28.c5 Qg4 29.c6 Rdd8
30.Qc5+ Rd6 31.b3 d4 32.h3 Qg6 33.Rf4 Qg5 34.Qa7+ Kf8 35.Rxd4 Rxd4 36.Qxd4 Qd5
37.Qb4+ Kg8 38.c7 Rc8 39.Qc3 Qxb3 40.Qd4 Qd5 41.Qf4 Qc4  0-1

[Event "Casino de Barcelona"]
[Site "Barcelona ESP"]
[Date "2008.10.30"]
[Round "1"]
[White "Lopez Martinez,Josep"]
[Black "Kogan,Ar"]
[Result "1-0"]
[WhiteElo "2547"]
[BlackElo "2561"]

1.e4 c5 2.Nf3 e6 3.d4 cxd4 4.Nxd4 Nc6 5.Nc3 a6 6.Nxc6 bxc6 7.e5 Qc7 8.f4 d5
9.exd6 Bxd6 10.Ne4 Be7 11.Bd3 Nf6 12.Ng5 Qb6 13.Qe2 O-O 14.c3 Rb8 15.Nf3 Rd8
16.Ne5 a5 17.b3 g6 18.Be3 Bc5 19.Nc4 Qa7 20.Bxc5 Qxc5 21.Qe5 Qxe5+ 22.Nxe5 Bb7
23.g3 Ng4 24.Kd2 Nxe5 25.fxe5 c5 26.Rhe1 Rd7 27.Re3 Rbd8 28.Ke2 c4 29.bxc4 Ba6
30.Rf1 Rxd3 31.Rxd3 Bxc4 32.Rf3 Rd5 33.Kd2 Bxd3 34.Rxd3 Rxe5 35.c4 Kf8 36.Rd7 Rh5
37.h4 g5 38.Kc3 gxh4 39.gxh4 Rxh4 40.c5 Rh1 41.Kc4 Ke8 42.c6 Rc1+ 43.Kb5 h5
44.Kb6 h4 45.Rd3 Ke7 46.c7 Rb1+ 47.Kxa5 Rc1 48.Kb6 Rb1+ 49.Rb3 Rc1 50.Kb7  1-0

[Event "TCh-CHN Torch Real Estate Cup"]
[Site "Jiangsu Wuxi CHN"]
[Date "2008.10.30"]
[Round "12"]
[White "Zhao Jun"]
[Black "Qiao Liang"]
[Result "1-0"]
[WhiteElo "2566"]
[BlackElo "2348"]

1.Nf3 c5 2.e4 e6 3.d4 cxd4 4.Nxd4 Nc6 5.Nc3 Qc7 6.Be2 a6 7.O-O Nf6 8.a3 Be7
9.Kh1 O-O 10.f4 d6 11.Be3 Re8 12.Qe1 Nxd4 13.Bxd4 e5 14.fxe5 dxe5 15.Qg3 Bd8
16.Be3 Kh8 17.Rad1 Be6 18.Bg5 Ng8 19.Bc1 Nf6 20.Bd3 Rc8 21.Ne2 Qc6 22.Qxe5 Bg4
23.Qg3 Bxe2 24.Bxe2 Nxe4 25.Qf3 Qxc2 26.Bd3 Qc6 27.Rde1 Nd6 28.Rxe8+ Qxe8
29.Bf4 Qe6 30.Bxd6 Qxd6 31.Qf5 g6 32.Qxc8 Qxd3 33.Re1 b6 34.Rc1 Kg7 35.Qc3+ Qxc3
36.Rxc3 Bf6 37.Rc2 Bd4 38.g3 Kf6 39.Kg2 Ke5 40.Kf3 h5 41.b4 f6 42.Ke2 Ke4
43.Rc7 a5 44.Re7+ Kf5 45.Rd7 Ke4 46.Rg7 Kf5 47.Kf3 Bb2 48.bxa5 bxa5 49.Rc7 Bxa3
50.Ra7 Bb4 51.Rb7 Ke6 52.Rb5  1-0

[Event "WYCC Boys U14"]
[Site "Vung Tau City VIE"]
[Date "2008.10.30"]
[Round "11"]
[White "Lagarde,Max"]
[Black "Bukavshin,I"]
[Result "1-0"]
[WhiteElo "2332"]
[BlackElo "2376"]

1.e4 c5 2.Nf3 Nc6 3.d4 cxd4 4.Nxd4 e6 5.Nc3 Qc7 6.Be3 a6 7.Qd2 Nf6 8.O-O-O Bb4
9.f3 O-O 10.Kb1 b5 11.Nxc6 Qxc6 12.Qd4 Ba5 13.b4 Bc7 14.e5 Ne8 15.Bd3 f5
16.f4 d6 17.Be2 Rb8 18.Bf3 Qd7 19.Qa7 Qe7 20.exd6 Bxd6 21.Qxe7 Bxe7 22.Ba7 Bxb4
23.Bxb8 Bxc3 24.Rd8 Nf6 25.Rhd1 Ba5 26.Rxf8+ Kxf8 27.a4 bxa4 28.Rd4 Bd7 29.Be5 Ke7
30.Bd6+ Ke8 31.c4 Ne4 32.Bxe4 fxe4 33.Rxe4 Kf7 34.g3 Bc6 35.Re5 Bb6 36.Ka2 g6
37.Re2 Ba7 38.Ka3 a5 39.Re5 Bb6 40.g4 Bd7 41.g5 Bc6 42.c5 Ba7 43.Re1 Bd7
44.Re4 Ke8 45.Rxa4 Bxa4 46.Kxa4 Kd7 47.Kxa5 Kc6 48.Kb4  1-0

[Event "SenWM"]
[Site "Bad Zwischenahn GER"]
[Date "2008.10.31"]
[Round "4"]
[White "Kempen,W"]
[Black "Opl,K"]
[Result "0-1"]
[WhiteElo "2144"]
[BlackElo "2362"]

1.e4 c5 2.Nf3 e6 3.d4 cxd4 4.Nxd4 Nc6 5.Nc3 Qc7 6.Be3 a6 7.Qd2 Nf6 8.f3 Ne5
9.Bf4 d6 10.a3 Be7 11.g4 O-O 12.Be3 b5 13.g5 Nfd7 14.f4 Nc4 15.Bxc4 Qxc4
16.f5 Ne5 17.Qg2 Re8 18.f6 Bf8 19.Nf3 Bb7 20.Nxe5 dxe5 21.fxg7 Be7 22.Rf1 Kxg7
23.Qg3 Qc7 24.Qf3 Rf8 25.O-O-O Rac8 26.Rd3 Kg8 27.Qh5 Bxe4 28.Rd7 Qxd7  0-1

[Event "Grand Prix CCAS"]
[Site "Cap D'Agde FRA"]
[Date "2008.10.31"]
[Round "8"]
[White "Cornette,M"]
[Black "Philippe,C"]
[Result "1/2-1/2"]
[WhiteElo "2548"]
[BlackElo "2458"]

1.e4 c5 2.Nf3 e6 3.d4 cxd4 4.Nxd4 Nc6 5.Nc3 a6 6.Be2 d6 7.O-O Nf6 8.f4 Bd7
9.a4 Be7 10.Be3 O-O 11.Nb3 Na5 12.e5 Ne8 13.Nxa5 Qxa5 14.Bd4 dxe5 15.fxe5 Bc6
16.Qd3 Rd8 17.Kh1 Bc5 18.Rf4 g6 19.Rd1 Ng7 20.Qc4 Bxd4 21.Rfxd4  1/2-1/2

[Event "12th OIBM"]
[Site "Bad Wiessee GER"]
[Date "2008.11.01"]
[Round "1"]
[White "Llaneza Vega,M"]
[Black "Ellmaier,H"]
[Result "1-0"]
[WhiteElo "2484"]
[BlackElo "2009"]

1.e4 e6 2.Nc3 c5 3.Nf3 Nc6 4.d4 cxd4 5.Nxd4 Nxd4 6.Qxd4 a6 7.Be2 Ne7 8.Be3 Nc6
9.Qd2 Bb4 10.a3 Qa5 11.O-O Bxc3 12.bxc3 O-O 13.f4 d5 14.e5 Bd7 15.Rab1 b5
16.a4 Ne7 17.Bd3 Rfc8 18.Qf2 Qc7 19.Qh4 g6 20.Rf3 Qd8 21.Qf2 Nc6 22.axb5 axb5
23.h4 Ne7 24.Bb6 Qe8 25.h5 Rxc3 26.Rh3 Rac8 27.Bd4 R3c7 28.Qh4  1-0

[Event "SenWM Women"]
[Site "Bad Zwischenahn GER"]
[Date "2008.11.01"]
[Round "5"]
[White "Saunina,L"]
[Black "Fomina,T"]
[Result "1-0"]
[WhiteElo "2298"]
[BlackElo "2214"]

1.e4 c5 2.Nf3 e6 3.d4 cxd4 4.Nxd4 Nc6 5.Nc3 Qc7 6.Be2 a6 7.f4 d6 8.a4 Nf6
9.Bf3 Be7 10.Nb3 O-O 11.O-O b6 12.Be3 Rb8 13.Qe2 Na5 14.Nd2 Re8 15.Kh1 d5
16.e5 Nd7 17.Bf2 Bb4 18.Na2 Be7 19.b4 Nc6 20.c3 a5 21.b5 Nd8 22.c4 Bb7 23.cxd5 exd5
24.Rac1 Nc5 25.Nb3 Nde6 26.f5 Ng5 27.Bg4 Nge4 28.Nxc5 Bxc5 29.e6 fxe6 30.fxe6 Rf8
31.Be3 Qe5 32.Rf7 Rxf7 33.exf7+ Kf8 34.Bxc5+ bxc5 35.Rxc5 Qf4 36.Rc2 Kxf7
37.Qf3 Qxf3 38.Bxf3 Kf6 39.Nc1 Ke5 40.Rc7 Rc8 41.Nd3+ Kd4 42.Rxb7 Kxd3 43.h3 h5
44.h4 g6 45.Ra7 Rc1+ 46.Kh2 Rb1 47.Rxa5 d4 48.Ra6 Nd2 49.Ba8 Nf1+ 50.Kh3 Kd2
51.Bf3 d3 52.Rxg6 Ne3 53.b6 Ke1 54.Bxh5 d2 55.a5 Rb3 56.Kh2 Rb4 57.g3 d1=Q
58.Bxd1 Nxd1 59.g4 Ke2 60.Kg3 Ne3 61.h5 Nf1+ 62.Kh4 Kf2 63.h6 Nd2 64.h7 Nf3+
65.Kh5 Rb1  1-0

[Event "47th XtraCon TCh-DEN 2008-9"]
[Site "Denmark DEN"]
[Date "2008.11.01"]
[Round "1"]
[White "Hector,J"]
[Black "Rasmussen,A"]
[Result "0-1"]
[WhiteElo "2551"]
[BlackElo "2513"]

1.e4 c5 2.Nf3 e6 3.d4 cxd4 4.Nxd4 Nc6 5.Nc3 Qc7 6.Be3 a6 7.Bd3 Nf6 8.O-O Ne5
9.h3 Bc5 10.Kh1 d6 11.f4 Ng6 12.Qe1 O-O 13.f5 Ne5 14.Qh4 b5 15.Nce2 Qb6 16.b4 Bxb4
17.Rf3 exf5 18.Nxf5 Qd8 19.Nxg7 Nfg4 20.Qxd8 Rxd8 21.Bb6 Kxg7 22.Bxd8 Nxf3
23.gxf3 Nf2+ 24.Kh2 Be6 25.Rg1+ Kf8 26.Bf6 Rc8 27.Nd4 Nxd3 28.cxd3 Bc3 29.Rg7 Bxd4
30.Bxd4 Ke7 31.Rxh7 b4 32.h4 Bxa2 33.Rg7 Rc2+ 34.Rg2 Rxg2+ 35.Kxg2 Bb1 36.h5 Kf8
37.e5 dxe5 38.Bxe5 Ke7 39.Kf2 Ke6 40.Bc7 b3 41.Ba5 Bxd3 42.Bc3 Kd5 43.Ke3 Kc4
44.Kd2 a5 45.Bf6 a4 46.Bb2 Bh7 47.Ba3 Bf5 48.f4 Bh7 49.h6 Bg6 50.Kd1 Kc3
51.Kc1 Bh7  0-1

[Event "IX Rapid Open"]
[Site "El Sauzal ESP"]
[Date "2008.11.01"]
[Round "3"]
[White "Sarmiento Afonso,S"]
[Black "Potkin,V"]
[Result "0-1"]
[WhiteElo "2201"]
[BlackElo "2613"]

1.e4 c5 2.Nf3 e6 3.d4 cxd4 4.Nxd4 Nc6 5.Nc3 Qc7 6.Be2 a6 7.O-O b5 8.Nxc6 dxc6
9.Be3 Bb7 10.f4 Be7 11.Qe1 c5 12.Bf3 O-O-O 13.Nd1 Nf6 14.Nf2 c4 15.b4 e5
16.fxe5 Qxe5 17.a4 h5 18.axb5 axb5 19.c3 Bd6 20.g3 Qe6 21.Ra2 Be5 22.Bf4 h4  0-1

[Event "Corus Internet Qualifier"]
[Site "ICC INT"]
[Date "2008.11.01"]
[Round "1.2"]
[White "Fier,A"]
[Black "Morrison,G SCO"]
[Result "1-0"]
[WhiteElo "2581"]
[BlackElo "2328"]

1.e4 c5 2.Nf3 e6 3.d4 cxd4 4.Nxd4 Nc6 5.Nc3 d6 6.Be3 Nf6 7.f4 Be7 8.Qf3 e5
9.Nxc6 bxc6 10.f5 Qa5 11.O-O-O Rb8 12.Bc4 O-O 13.Bb3 Rxb3 14.cxb3 d5 15.exd5 cxd5
16.Rxd5 Nxd5 17.Nxd5 Bh4 18.Nc3 Bf6 19.Qe4 Qa6 20.Rd1 Bb7 21.Qc4 Qxc4 22.bxc4 Bxg2
23.Bxa7 Bh3 24.c5 Bxf5 25.b4 Ra8 26.Bb6 e4 27.Nd5 Bg5+ 28.Kb2 e3 29.h4 Bxh4
30.Nxe3 Bf6+ 31.Kb3 Be6+ 32.Nc4 h5 33.c6 h4 34.c7 h3 35.Bg1 g5 36.b5  1-0

[Event "21st Belgrade Trophy"]
[Site "Obrenovac SRB"]
[Date "2008.11.01"]
[Round "5"]
[White "Curic,T"]
[Black "Vujosevic,D"]
[Result "0-1"]
[WhiteElo "1500"]
[BlackElo "1964"]

1.e4 c5 2.Nf3 Nc6 3.Nc3 e6 4.d4 cxd4 5.Nxd4 a6 6.Be2 b5 7.a3 Qc7 8.Be3 Nf6
9.Qd2 Bb7 10.Rd1 b4 11.axb4 Bxb4 12.f3 Nxd4 13.Bxd4 e5 14.Be3 Rc8 15.Kf2 O-O
16.Bg5 d5 17.Bxf6 Qb6+ 18.Kf1 gxf6 19.Nxd5 Bxd2 20.Nxb6 Rxc2 21.Nd7 Rd8 22.Nxf6+ Kg7
23.Ng4 f6 24.b3 Rdc8 25.Bc4 Rc7 26.Ke2 Bb4+ 27.Kf1 a5 28.Ne3 Rb2 29.Be6 a4
30.bxa4 Ba6+ 31.Kg1 Bc5 32.Re1 Bxe3+  0-1

[Event "21st Belgrade Trophy"]
[Site "Obrenovac SRB"]
[Date "2008.11.01"]
[Round "5"]
[White "Zarkovic,M"]
[Black "Bozilov,N"]
[Result "0-1"]
[WhiteElo "1839"]
[BlackElo "2055"]

1.e4 c5 2.Nf3 e6 3.d4 cxd4 4.Nxd4 Nc6 5.Nc3 Qc7 6.Be2 Nf6 7.O-O a6 8.Be3 b5
9.Nxc6 dxc6 10.a3 Bb7 11.f4 Rd8 12.Qe1 c5 13.e5 Nd5 14.Nxd5 Bxd5 15.Qg3 g6
16.Rad1 Be7 17.Bf3 Qc6 18.f5 Bxf3 19.Rxd8+ Bxd8 20.Rxf3 exf5 21.Bh6 Bb6 22.Kh1 c4
23.Rf1 Kd7 24.Rd1+ Kc8 25.Bg5 Re8 26.Bf6 Bc7 27.Qc3 Qe4 28.Re1 Qd5 29.b3 Re6
30.bxc4 Qxc4 31.Qf3 Rc6 32.Re2 Kb8 33.h3 h5 34.Rd2 Qe6 35.Re2 Rc4 36.Qd3 Qc6
37.Rd2 Re4 38.Re2 Rc4 39.Rd2 Rc3 40.Qd4 Rxh3+  0-1

[Event "12th OIBM"]
[Site "Bad Wiessee GER"]
[Date "2008.11.02"]
[Round "2"]
[White "Mueller,Marku1"]
[Black "Morawietz,D"]
[Result "0-1"]
[WhiteElo "2129"]
[BlackElo "2449"]

1.e4 c5 2.Nf3 e6 3.d4 cxd4 4.Nxd4 Nc6 5.Nc3 d6 6.Be3 Nf6 7.Be2 Be7 8.O-O O-O
9.f4 Bd7 10.Nb3 a6 11.g4 b5 12.g5 Ne8 13.Bd3 f6 14.h4 g6 15.Qd2 Ng7 16.Qg2 Rc8
17.Rae1 Nb4 18.a3 Nxd3 19.cxd3 a5 20.Rc1 b4 21.axb4 axb4 22.Ne2 e5 23.fxe5 dxe5
24.gxf6 Bxf6 25.Bg5 Bxg5 26.Rxf8+ Kxf8 27.hxg5 Ne6 28.Nc5 Nxc5 29.Rxc5 Rxc5
30.Qf2+ Kg7 31.Qxc5 Qxg5+ 32.Kf2 Bg4 33.Qxb4 Qh4+ 34.Ke3 Qh6+  0-1

[Event "TCh-BEL 2008-9"]
[Site "Belgium BEL"]
[Date "2008.11.02"]
[Round "3"]
[White "Bolzoni,V"]
[Black "De Haan,E"]
[Result "0-1"]
[WhiteElo "2190"]
[BlackElo "2364"]

1.e4 c5 2.Nf3 e6 3.d4 cxd4 4.Nxd4 Nc6 5.Nc3 Qc7 6.g3 a6 7.Bg2 d6 8.O-O Bd7
9.Nde2 b5 10.a3 Nf6 11.b3 Be7 12.Bb2 O-O 13.Nf4 Rac8 14.Re1 Ne5 15.Re2 Bc6
16.Qd4 Qb8 17.Nd3 Bd8 18.Qe3 Bb6 19.Qg5 h6 20.Qd2 a5 21.Kh1 Rfd8 22.Nf4 Qb7
23.Nd3 Ng6 24.Kg1 Bd4 25.Ne1 e5 26.Nd1 Bxb2 27.Nxb2 Nxe4 28.Qxa5 Ng5 29.h4 Bxg2
30.hxg5 Bc6 31.gxh6 Qd7 32.f3 Qh3 33.Rg2 Qxh6 34.Qd2 Qh3 35.Qf2 e4 36.Rh2 Qf5
37.f4 d5 38.Qd4 Nf8 39.Ng2 Ne6 40.Qd1 d4 41.b4 g6 42.Nh4 Qf6 43.f5 Ng5 44.Qg4 Bd7
45.Rf1 Kg7 46.a4 Rh8 47.axb5 Bxb5 48.Rff2 Bd7 49.Na4 e3 50.Rf4 Ra8 51.Nc5 Ra1+
52.Rf1 Rxf1+ 53.Kxf1 Bxf5 54.Qf4 Bh3+ 55.Ke2 Qxf4 56.gxf4 Rxh4  0-1

[Event "IX Rapid Open"]
[Site "El Sauzal ESP"]
[Date "2008.11.02"]
[Round "8"]
[White "Perdomo Abad,J2"]
[Black "Zakurdjaeva,I"]
[Result "1/2-1/2"]
[WhiteElo "1898"]
[BlackElo "2295"]

1.e4 c5 2.Nf3 e6 3.d4 cxd4 4.Nxd4 Nc6 5.Nc3 a6 6.Be3 Qc7 7.Bd3 Nf6 8.O-O Be7
9.Qe2 O-O 10.f4 d6 11.g4 Nxd4 12.Bxd4 e5 13.g5 exd4 14.gxf6 Bxf6 15.Nd5 Qd8
16.e5 dxe5 17.Qe4 g6 18.fxe5 Bg7 19.Nf6+ Kh8 20.h4 Bxf6 21.exf6 Bf5 22.Rxf5 gxf5
23.Qxf5 Rg8+ 24.Kh1 Rg6 25.h5 Rh6 26.Rf1 Qc8 27.Qf3 Qc5 28.Be2 Qg5 29.Qf4 Qxf4
30.Rxf4 Rd8 31.a4  1/2-1/2